[Event "?"]
[Site "?"]
[Date "2010.12.27"]
[Round "1.30"]
[White "Nguyen, Anh Van"]
[Black "Lenz, Tobias"]
[Result "0-1"]
[WhiteElo "1414"]
[BlackElo "1955"]
[PlyCount "104"]
[EventDate "2010.??.??"]
[WhiteTeam "USV Potsdam e.V., Abt. Schach"]
[BlackTeam "BSG Pneumant Fürstenwalde e.V."]

1. e4 e6 2. d4 d5 3. Bd3 Nf6 4. e5 Nfd7 5. Ne2 c5 6. c3 Nc6 7. Nd2 Qb6 8. Nf3
Be7 9. O-O O-O 10. Rb1 cxd4 11. cxd4 Nb4 12. Qb3 Nxd3 13. Qxd3 f6 14. Bf4 fxe5
15. Bxe5 Nxe5 16. Nxe5 Bf6 17. Qe3 Qd6 18. f4 b6 19. Rbc1 Bb7 20. Rc2 Rac8 21.
Rfc1 Rxc2 22. Rxc2 Rc8 23. Rxc8+ Bxc8 24. Nc3 Qb4 25. Qf2 Bb7 26. Qd2 a6 27. a3
Qd6 28. Qc2 b5 29. Qb3 Qb6 30. Qb4 Qc7 31. a4 Be7 32. Qb3 b4 33. Ne2 a5 34. Kf2
Ba6 35. Nd3 Bc4 36. Qc2 b3 37. Qc3 Qc6 38. Ke3 Qxa4 39. Nec1 Qb5 40. g3 a4 41.
Qd2 a3 42. bxa3 Bxa3 43. Nb2 Bb4 44. Qd1 Bc3 45. Ncd3 Qb6 46. Ke2 Bxb2 47. Kd2
Qxd4 48. Qb1 Bc3+ 49. Ke2 b2 50. h4 Qe4+ 51. Kd1 Bxd3 52. Qxb2 Qh1# 0-1

[Event "?"]
[Site "?"]
[Date "2010.12.27"]
[Round "1.31"]
[White "Segerberg, Tomas"]
[Black "Reyher, Susan"]
[Result "1-0"]
[WhiteElo "1954"]
[BlackElo "1392"]
[PlyCount "109"]
[EventDate "2010.??.??"]
[WhiteTeam "SG Narva Berlin e.V."]
[BlackTeam "SC Empor Potsdam 1952 e.V."]

1. c4 e5 2. Nc3 Nc6 3. Nf3 Nf6 4. d4 d6 5. dxe5 dxe5 6. Qxd8+ Kxd8 7. Bg5 Be7
8. O-O-O+ Nd7 9. Bxe7+ Kxe7 10. g3 b6 11. Bh3 Nc5 12. Nd5+ Kf8 13. Nxc7 Rb8 14.
Bg2 g6 15. Ng5 Bb7 16. Nb5 Kg7 17. Nd6 Na5 18. Bxb7 Ncxb7 19. Nxb7 Rxb7 20. b3
Rc7 21. Rd5 h6 22. Nf3 f6 23. Rhd1 Rf8 24. Kb2 Rff7 25. Ne1 Nb7 26. Nc2 a5 27.
Na3 Nc5 28. f3 a4 29. Nb5 Rce7 30. b4 Na6 31. a3 Nc7 32. Nxc7 Rxc7 33. Kc3 Rb7
34. Rd6 Rfc7 35. R1d5 b5 36. c5 Kf7 37. g4 Ke7 38. h4 Rb8 39. Kd3 Rh8 40. Rb6
h5 41. gxh5 Rxh5 42. Rxb5 Rxh4 43. Ra5 Rd7 44. Rxd7+ Kxd7 45. Rxa4 Kc6 46. Ra6+
Kb5 47. Rxf6 Rd4+ 48. Ke3 g5 49. Rb6+ Ka4 50. c6 Rc4 51. b5 g4 52. fxg4 Rxg4
53. c7 Rc4 54. Rc6 Rxc6 55. bxc6 1-0

[Event "?"]
[Site "?"]
[Date "2010.12.27"]
[Round "1.32"]
[White "Sandbrand, Alexandru"]
[Black "Petrak, Falk"]
[Result "0-1"]
[WhiteElo "1374"]
[BlackElo "1950"]
[PlyCount "46"]
[EventDate "2010.??.??"]
[WhiteTeam "SC Weisse Dame e.V."]
[BlackTeam "Potsdamer SV Mitte e.V."]

1. e4 e6 2. Nf3 d5 3. exd5 exd5 4. d4 Bd6 5. Nc3 Ne7 6. Bg5 c6 7. Bd3 Bg4 8.
Qd2 Bxf3 9. gxf3 Qb6 10. O-O-O Qxd4 11. Rde1 f6 12. Be3 Qh4 13. f4 Nd7 14. f3
Nc5 15. Bf5 O-O 16. Qf2 Qxf2 17. Bxf2 Nxf5 18. Ne2 Rfe8 19. Ng3 Bxf4+ 20. Kb1
Nxg3 21. hxg3 Bd6 22. Rh5 Rxe1+ 23. Bxe1 Re8 0-1

[Event "?"]
[Site "?"]
[Date "2010.12.27"]
[Round "1.33"]
[White "Richter, Hans-Peter"]
[Black "Fuchs, Dominik"]
[Result "1-0"]
[WhiteElo "1946"]
[BlackElo "1332"]
[PlyCount "39"]
[EventDate "2010.??.??"]
[WhiteTeam "SC Empor Potsdam 1952 e.V."]
[BlackTeam "SC Zitadelle Spandau 1977 e.V."]

1. e4 g6 2. d4 Bg7 3. Nc3 c6 4. Be3 d5 5. Qd2 dxe4 6. Nxe4 f5 7. Nc3 e5 8. dxe5
Qxd2+ 9. Bxd2 Bxe5 10. O-O-O Bf6 11. Bc4 Nd7 12. Nf3 Ne7 13. Rhe1 Nb6 14. Bb3
Bd7 15. Ng5 h6 16. Nf7 Rh7 17. Nd6+ Kd8 18. Nxb7+ Kc7 19. Nc5 Bc8 20. Bf4+ 1-0

[Event "?"]
[Site "?"]
[Date "2010.12.27"]
[Round "1.34"]
[White "Engers, Felix"]
[Black "Rosenau, Sven"]
[Result "0-1"]
[WhiteElo "1330"]
[BlackElo "1945"]
[PlyCount "76"]
[EventDate "2010.??.??"]
[WhiteTeam "SC Zitadelle Spandau 1977 e.V."]
[BlackTeam "SC Iffezheim"]

1. d4 d6 2. c4 Nf6 3. Nc3 Nbd7 4. Nf3 c6 5. e4 Qc7 6. Be3 e5 7. d5 c5 8. Be2
Be7 9. h3 O-O 10. Qd2 Ne8 11. Nh2 Kh8 12. f4 exf4 13. Bxf4 Ne5 14. O-O Ng6 15.
Rad1 Qd8 16. Nf3 Bf6 17. Bg5 Qe7 18. Bd3 Ne5 19. Bf4 a6 20. g4 Nxf3+ 21. Rxf3
Be5 22. Bg5 f6 23. Rdf1 Bd7 24. Bf4 Nc7 25. Ne2 Rab8 26. Ng3 b5 27. Qa5 Rfc8
28. Bxe5 Qxe5 29. R1f2 bxc4 30. Bxc4 Bb5 31. Qc3 Bxc4 32. Qxc4 Rb4 33. Qc2 Rcb8
34. b3 Nb5 35. Re3 Nd4 36. Qc3 Qg5 37. Kf1 Nb5 38. Qb2 Qxe3 0-1

[Event "?"]
[Site "?"]
[Date "2010.12.27"]
[Round "1.35"]
[White "Bachran, Boris"]
[Black "Raulin, Kian"]
[Result "1-0"]
[WhiteElo "1944"]
[BlackElo "1304"]
[PlyCount "117"]
[EventDate "2010.??.??"]
[WhiteTeam "SG Lok Brandenburg, Abt. Schach"]
[BlackTeam "SC Zitadelle Spandau 1977 e.V."]

1. d4 d5 2. Nf3 Nf6 3. c3 g6 4. Bf4 Bg7 5. e3 Bf5 6. Bd3 Be4 7. Bxe4 Nxe4 8.
Nbd2 Nxd2 9. Nxd2 O-O 10. h4 Nd7 11. h5 e5 12. dxe5 Nxe5 13. Bxe5 Bxe5 14. hxg6
fxg6 15. Nf3 Qf6 16. Qxd5+ Rf7 17. Qxe5 Qb6 18. O-O-O Raf8 19. Qd5 c6 20. Qb3
Qc5 21. Rd4 Qe7 22. Rhd1 Kg7 23. Qa3 c5 24. Rd5 b6 25. Qa4 Qf6 26. Rd7 h6 27.
Rxf7+ Rxf7 28. Rd7 Qe6 29. Rxf7+ Qxf7 30. Qb3 Qf5 31. Qd1 Qe6 32. b3 Qg4 33.
Ne1 Qf5 34. Qe2 Qe5 35. Kb1 Kh7 36. Qd1 Qf5+ 37. Kb2 h5 38. f3 Qg5 39. Qd7+ Kh6
40. Kc2 Qg3 41. Qd2 Qc7 42. e4+ Kh7 43. Qe2 Qe5 44. Nd3 Qe6 45. Nf4 Qd7 46. Nd5
Kg7 47. c4 Qe6 48. Qe3 Qe5 49. Qc3 Qxc3+ 50. Kxc3 Kh6 51. f4 h4 52. e5 Kh5 53.
Ne3 g5 54. f5 g4 55. Nxg4 Kxg4 56. f6 Kg3 57. f7 Kxg2 58. f8=Q h3 59. Qh8 1-0

[Event "?"]
[Site "?"]
[Date "2010.12.27"]
[Round "1.36"]
[White "Rennhack, Peer"]
[Black "Paul, Fabian"]
[Result "1-0"]
[WhiteElo "1935"]
[BlackElo "1245"]
[PlyCount "31"]
[EventDate "2010.??.??"]
[WhiteTeam "Sabt Frankfurter TV 1860"]
[BlackTeam "SC Zitadelle Spandau 1977 e.V."]

1. e4 c5 2. c3 Nf6 3. e5 Nd5 4. d4 e6 5. Nf3 Nc6 6. c4 Nb6 7. d5 Ne7 8. Nc3 d6
9. Nb5 Ng6 10. dxe6 Bxe6 11. exd6 Rc8 12. Nxa7 Rb8 13. Nb5 Qd7 14. b3 Nc8 15.
Bf4 Qd8 16. d7+ 1-0

[Event "?"]
[Site "?"]
[Date "2010.12.27"]
[Round "1.37"]
[White "Faust, Adrian"]
[Black "Lange, Werner"]
[Result "0-1"]
[WhiteElo "1194"]
[BlackElo "1930"]
[PlyCount "42"]
[EventDate "2010.??.??"]
[WhiteTeam "Potsdamer SV Mitte e.V."]
[BlackTeam "SSV Rotation Berlin e.V."]

1. Nf3 Nf6 2. d4 d5 3. Bf4 Nbd7 4. e3 e6 5. Bd3 c5 6. c4 cxd4 7. exd4 dxc4 8.
Bxc4 Nb6 9. O-O Nxc4 10. Qa4+ Bd7 11. Qxc4 Rc8 12. Qe2 Nd5 13. Be3 Qb6 14. Na3
Bxa3 15. bxa3 Bb5 16. Qd2 Bxf1 17. Kxf1 O-O 18. Qd3 Rc3 19. Qe4 Rfc8 20. Ng5
Nxe3+ 21. fxe3 Qb5+ 0-1

[Event "?"]
[Site "?"]
[Date "2010.12.27"]
[Round "1.38"]
[White "Galkin, Wladislaw"]
[Black "Hunstock, Fabian"]
[Result "1-0"]
[WhiteElo "1924"]
[BlackElo "1123"]
[PlyCount "49"]
[EventDate "2010.??.??"]
[WhiteTeam "SC Ladja Roßdorf"]
[BlackTeam "SC Zitadelle Spandau 1977 e.V."]

1. d4 d5 2. c4 e6 3. Nc3 Nf6 4. Bg5 Bb4 5. Nf3 O-O 6. e3 Nbd7 7. Qc2 c6 8. Bd3
Qc7 9. O-O b6 10. e4 Bxc3 11. bxc3 dxe4 12. Bxe4 Nxe4 13. Qxe4 Ba6 14. Nd2 Rab8
15. Bf4 Qb7 16. Bxb8 Rxb8 17. Rfe1 Nf6 18. Qf3 Qd7 19. Rad1 Bb7 20. Ne4 Nxe4
21. Qxe4 c5 22. d5 Rd8 23. h3 exd5 24. cxd5 Bxd5 25. Rxd5 1-0

[Event "?"]
[Site "?"]
[Date "2010.12.27"]
[Round "1.39"]
[White "Wolff, Joachim Peter"]
[Black "Böttcher, Frank"]
[Result "0-1"]
[WhiteElo "1116"]
[BlackElo "1912"]
[PlyCount "54"]
[EventDate "2010.??.??"]
[WhiteTeam "SG Blau-Weiß 1948 Leegebruch"]
[BlackTeam "USV Potsdam e.V., Abt. Schach"]

1. c4 e5 2. g3 f5 3. Nf3 Nc6 4. Nc3 Nf6 5. d3 Be7 6. Bg5 O-O 7. Bxf6 Bxf6 8.
Nd5 e4 9. Nxf6+ Qxf6 10. dxe4 fxe4 11. Qd5+ Kh8 12. Qxe4 Qxb2 13. Qb1 Qc3+ 14.
Nd2 Nd4 15. Kd1 Nc2 16. Qxc2 Qxa1+ 17. Nb1 d5 18. cxd5 Bf5 19. e4 Qd4+ 20. Nd2
Bg4+ 21. Kc1 Rxf2 22. Bd3 Raf8 23. h3 Bd7 24. g4 a6 25. g5 Ba4 26. Qb1 Qc3+ 27.
Bc2 Rxd2 0-1

[Event "?"]
[Site "?"]
[Date "2010.12.27"]
[Round "1.40"]
[White "Brandt, Fred"]
[Black "Paliy, Margaryta"]
[Result "1-0"]
[WhiteElo "1911"]
[BlackElo "1027"]
[PlyCount "111"]
[EventDate "2010.??.??"]
[WhiteTeam "SV Königsjäger Süd-West e.V."]
[BlackTeam "USV Potsdam e.V., Abt. Schach"]

1. d4 d5 2. Nf3 Nf6 3. e3 c5 4. c3 Nc6 5. Bd3 Bg4 6. Nbd2 e5 7. dxe5 Nxe5 8.
Be2 Bxf3 9. Nxf3 Nxf3+ 10. Bxf3 Be7 11. Qa4+ Qd7 12. Qxd7+ Kxd7 13. O-O Rhd8
14. b3 Re8 15. Bb2 Ne4 16. Rad1 Bf6 17. Rd3 c4 18. bxc4 Rac8 19. cxd5 Nxc3 20.
e4 Ne2+ 21. Bxe2 Bxb2 22. Rd2 Be5 23. f4 Bc3 24. Rdd1 Rc5 25. Rf3 Rec8 26. Rfd3
Rc4 27. Bf3 Bb4 28. Rb3 Bc5+ 29. Kf1 Rb4 30. Rc1 Rxb3 31. axb3 Kd8 32. Ke2 Bb6
33. Rxc8+ Kxc8 34. e5 Kd7 35. d6 f5 36. Bxb7 g6 37. Kf3 Ke6 38. g4 Bg1 39. h3
h5 40. gxf5+ gxf5 41. Bc8+ Kf7 42. Bxf5 Bb6 43. Ke4 Ke8 44. Bg6+ Kd7 45. Bxh5
Bd8 46. Bg4+ Ke8 47. Kd5 Kf8 48. e6 Ke8 49. Kc6 a6 50. b4 Bf6 51. Bh5+ Kd8 52.
e7+ Bxe7 53. dxe7+ Kxe7 54. f5 Kf6 55. Bg4 Ke5 56. Kb6 1-0

[Event "?"]
[Site "?"]
[Date "2010.12.27"]
[Round "1.41"]
[White "Calamar, Traian"]
[Black "Reyher, Bastian"]
[Result "1-0"]
[WhiteElo "1864"]
[BlackElo "717"]
[PlyCount "47"]
[EventDate "2010.??.??"]
[WhiteTeam "ohne Verein"]
[BlackTeam "SC Empor Potsdam 1952 e.V."]

1. c4 e5 2. Nc3 Nc6 3. g3 Bc5 4. Bg2 Nf6 5. e3 d6 6. Nge2 Bg4 7. f3 Bh5 8. O-O
Qe7 9. d4 exd4 10. exd4 Bb6 11. Kh1 Bg6 12. Bg5 Nb4 13. Nf4 Bc2 14. Qd2 O-O 15.
a3 Ba5 16. axb4 Bxb4 17. Qxc2 Qe3 18. Bxf6 gxf6 19. Ncd5 Qxd4 20. Nxb4 Qxc4 21.
Nfd5 Kg7 22. Qf5 Rfe8 23. Qxf6+ Kf8 24. Qh8# 1-0

[Event "?"]
[Site "?"]
[Date "2010.12.27"]
[Round "1.42"]
[White "Wolff, Marie Antoinette"]
[Black "Sonntag, Sven"]
[Result "0-1"]
[WhiteElo "1002"]
[BlackElo "1909"]
[PlyCount "114"]
[EventDate "2010.??.??"]
[WhiteTeam "SG Blau-Weiß 1948 Leegebruch"]
[BlackTeam "SK Dessau 93 e. V."]

1. e4 Nf6 2. Nc3 d5 3. d3 dxe4 4. dxe4 Qxd1+ 5. Kxd1 Nc6 6. Bf4 Bg4+ 7. f3
O-O-O+ 8. Bd3 e5 9. Bg5 Be6 10. b3 Nb4 11. Nge2 Be7 12. Kc1 Nxd3+ 13. cxd3 Rxd3
14. Kc2 Rhd8 15. Rhd1 Rxd1 16. Rxd1 Rxd1 17. Kxd1 h6 18. Be3 Nd7 19. Nb5 a6 20.
Nbc3 f5 21. exf5 Bxf5 22. Nd5 Bd6 23. Ng3 Bb1 24. Nc3 Bh7 25. Nh5 g5 26. Ne2
Bg6 27. Ng7 Nc5 28. Bxc5 Bxc5 29. Ne6 Bb4 30. g4 Kd7 31. Ng7 Bf8 32. Nf5 h5 33.
h3 Bxf5 34. gxf5 h4 35. Nc3 Kc6 36. Ne4 Bh6 37. Nf6 Kd6 38. Ne8+ Kc5 39. Nxc7
Kd4 40. f6 e4 41. Ne6+ Ke5 42. Ng7 Kxf6 43. Ne8+ Ke7 44. Nc7 exf3 45. Nd5+ Ke6
46. Nc7+ Ke5 47. Ke1 Bg7 48. a4 Bh8 49. b4 Kd6 50. Ne8+ Ke7 51. Kf2 Kxe8 52.
Kxf3 b5 53. axb5 axb5 54. Kg4 Bf6 55. Kf3 Kf7 56. Kg4 Kg6 57. Kf3 Kf5 0-1

[Event "?"]
[Site "?"]
[Date "2010.12.27"]
[Round "1.43"]
[White "Petrykowski, Reinhardt"]
[Black "Motsch, Sebastian"]
[Result "1-0"]
[WhiteElo "1913"]
[BlackElo "973"]
[PlyCount "81"]
[EventDate "2010.??.??"]
[WhiteTeam "SC Caissa Falkensee e.V."]
[BlackTeam "Ludwigsfelder SC 54"]

1. e4 c6 2. d4 d5 3. exd5 cxd5 4. Nf3 Nf6 5. Bd3 e6 6. O-O Bd6 7. c4 O-O 8. Nc3
Bc7 9. Bg5 g6 10. Nb5 Nbd7 11. cxd5 exd5 12. Nxc7 Qxc7 13. Re1 Re8 14. Rxe8+
Nxe8 15. Qd2 Ndf6 16. Rc1 Qd6 17. Bf4 Qf8 18. Bh6 Ng7 19. h3 Qd6 20. Bf4 Qf8
21. Rc7 Ne6 22. Bh6 Qe8 23. Rc1 Bd7 24. Re1 Qd8 25. Bb1 Bc6 26. Ng5 Qd6 27.
Nxe6 Ne4 28. Bxe4 dxe4 29. Nf4 Re8 30. d5 Bb5 31. Qe3 f5 32. Qd4 Re5 33. Rc1
Bd7 34. Qc5 Qf6 35. h4 Re8 36. Bg5 Qf7 37. Qd6 e3 38. fxe3 Rxe3 39. Rc7 Re7 40.
Qxe7 Qxe7 41. Bxe7 1-0

[Event "?"]
[Site "?"]
[Date "2010.12.27"]
[Round "1.44"]
[White "Born, Jonathan"]
[Black "Große, Michael"]
[Result "0-1"]
[WhiteElo "918"]
[BlackElo "1901"]
[PlyCount "52"]
[EventDate "2010.??.??"]
[WhiteTeam "SV Königsjäger Süd-West e.V."]
[BlackTeam "SC Empor Potsdam 1952 e.V."]

1. e4 c5 2. Nf3 a6 3. Nc3 e6 4. b3 d5 5. exd5 exd5 6. d4 Nf6 7. Bg5 Be7 8. dxc5
O-O 9. Be2 Qa5 10. Qd2 Qxc5 11. O-O Nc6 12. Rad1 Be6 13. Nd4 Nxd4 14. Qxd4 Qxd4
15. Rxd4 Rac8 16. Rd3 Rfd8 17. Bd1 h6 18. Bh4 g5 19. Bg3 Bb4 20. Be5 Ne8 21. f4
Ng7 22. Bxg7 Kxg7 23. f5 Bxc3 24. fxe6 fxe6 25. Re3 Bd4 26. Rfe1 Rc3 0-1

[Event "?"]
[Site "?"]
[Date "2010.12.27"]
[Round "1.45"]
[White "Scholz, Ralf-Dieter"]
[Black "Gersdorf, Victoria"]
[Result "1-0"]
[WhiteElo "1898"]
[BlackElo "881"]
[PlyCount "41"]
[EventDate "2010.??.??"]
[WhiteTeam "USV Potsdam e.V., Abt. Schach"]
[BlackTeam "Schachverein Briesen e.V."]

1. e4 e5 2. Nf3 Nc6 3. Bb5 Nf6 4. O-O Nxe4 5. d4 d6 6. d5 Bg4 7. dxc6 Be7 8.
cxb7+ Bd7 9. Bxd7+ Kxd7 10. bxa8=Q Qxa8 11. Nbd2 Nxd2 12. Bxd2 e4 13. Nd4 c5
14. Qg4+ Ke8 15. Qxg7 Kd7 16. Qg4+ Kd8 17. Ba5+ Ke8 18. Nb5 Bd8 19. Nxd6+ Kf8
20. Qf5 Rg8 21. Qxf7# 1-0

[Event "?"]
[Site "?"]
[Date "2010.12.27"]
[Round "1.46"]
[White "Gersdorf, Jonas"]
[Black "Roth, Joachim"]
[Result "0-1"]
[WhiteElo "876"]
[BlackElo "1892"]
[PlyCount "34"]
[EventDate "2010.??.??"]
[WhiteTeam "Schachverein Briesen e.V."]
[BlackTeam "FV Bund"]

1. e4 Nf6 2. Nc3 d5 3. Nxd5 Nxd5 4. exd5 Qxd5 5. d4 e5 6. Be3 Nc6 7. Nf3 Bd6 8.
Qd2 Bf5 9. O-O-O Qxa2 10. Qc3 Bb4 11. Qxb4 Nxb4 12. dxe5 Qa1+ 13. Kd2 Rd8+ 14.
Nd4 Qxb2 15. Bc4 Qxc2+ 16. Ke1 Qxc4 17. Nxf5 Nc2# 0-1

[Event "?"]
[Site "?"]
[Date "2010.12.27"]
[Round "1.47"]
[White "Binder, Thomas"]
[Black "Niels, Jonas-Paul"]
[Result "1-0"]
[WhiteElo "1885"]
[BlackElo "862"]
[PlyCount "57"]
[EventDate "2010.??.??"]
[WhiteTeam "SF Siemensstadt"]
[BlackTeam "Schachverein Briesen e.V."]

1. e4 e5 2. Nf3 Nc6 3. Bb5 d6 4. O-O a6 5. Ba4 b5 6. Bb3 Nf6 7. Re1 g6 8. Ng5
d5 9. exd5 Nxd5 10. Qf3 Be6 11. Nxe6 fxe6 12. c3 Bh6 13. Qh3 Bg5 14. Qxe6+ Nde7
15. Qf7+ Kd7 16. Qe6+ Ke8 17. d4 Qd6 18. Qf7+ Kd7 19. Bxg5 Rhf8 20. Bxe7 Nxe7
21. dxe5 Qc5 22. Rd1+ Kc6 23. Qe6+ Kb7 24. Bd5+ Ka7 25. Bf3 b4 26. cxb4 Qc2 27.
Nc3 Rad8 28. Qxe7 Qxb2 29. Qxc7# 1-0

[Event "?"]
[Site "?"]
[Date "2010.12.27"]
[Round "1.48"]
[White "Faust, Uwe"]
[Black "Scholz, Robert"]
[Result "0-1"]
[WhiteElo "832"]
[BlackElo "1876"]
[PlyCount "128"]
[EventDate "2010.??.??"]
[WhiteTeam "Potsdamer SV Mitte e.V."]
[BlackTeam "USV Potsdam e.V., Abt. Schach"]

1. d4 f5 2. Bf4 Nf6 3. Nd2 d6 4. e3 g6 5. h3 Nc6 6. Bd3 Bg7 7. c3 e5 8. Bg3 e4
9. Bb5 Bd7 10. b4 Qe7 11. Ne2 O-O 12. O-O Nd8 13. Bc4+ Be6 14. Qb3 d5 15. Bb5
a6 16. Ba4 b5 17. Nf4 bxa4 18. Qa3 Bd7 19. Bh4 Qf7 20. Rfb1 Bb5 21. Rc1 Nb7 22.
f3 Nd6 23. Qb2 Nd7 24. a3 Nb6 25. Qc2 h6 26. Bg3 g5 27. Ne2 Bxe2 28. Bxd6 Bd3
29. Qd1 cxd6 30. Qe1 a5 31. Qg3 Qd7 32. h4 g4 33. f4 h5 34. Ra2 axb4 35. cxb4
Rfc8 36. Rd1 Rc2 37. Raa1 Rac8 38. Qf2 R8c3 39. Rab1 Qb5 40. Kh2 Rxa3 41. Kg3
Rcc3 42. Re1 Nc4 43. Rbd1 Bc2 44. Rc1 Bxd4 45. Kh2 Bxe3 46. Qe2 Bxf4+ 47. Kg1
Qb6+ 48. Kh1 Bxd2 49. Qf1 f4 50. Re2 Bxc1 51. Qxc1 Ne3 52. Rd2 d4 53. Rf2 Qxb4
54. Rxf4 Qb1 55. Qg1 Qxg1+ 56. Kxg1 Ra1+ 57. Kh2 Nf1+ 58. Kg1 Nd2+ 59. Kh2 Rf1
60. Rxf1 Nxf1+ 61. Kg1 Bd3 62. Kf2 e3+ 63. Kg1 g3 64. Kh1 Rc1 0-1

[Event "?"]
[Site "?"]
[Date "2010.12.27"]
[Round "1.51"]
[White "Lippianowski, Stefan"]
[Black "Perestjuk, Marko"]
[Result "0-1"]
[WhiteElo "1280"]
[BlackElo "1944"]
[PlyCount "50"]
[EventDate "2010.??.??"]
[WhiteTeam "Treptower SV 1949 e.V."]
[BlackTeam "SC Zitadelle Spandau 1977 e.V."]

1. e4 c5 2. Bc4 Nc6 3. Nf3 g6 4. Nc3 Bg7 5. Bxf7+ Kxf7 6. Ng5+ Ke8 7. d3 d6 8.
Nd5 e6 9. Qf3 Ne5 10. Qe2 exd5 11. exd5 Qe7 12. f4 Bg4 13. Qe3 Nf7 14. Qxe7+
Nxe7 15. c4 Nxg5 16. fxg5 Bd4 17. h3 Bf5 18. Ke2 Rf8 19. Bf4 Bxd3+ 20. Kxd3
Rxf4 21. Rae1 Kd7 22. Re2 Nf5 23. Rhe1 Ne3 24. b3 Re8 25. a4 Rf5 0-1